[Event "IRL-chT"]
[Site "Dublin"]
[Date "2019.04.06"]
[Round "2.4"]
[White "Barrett, Conor"]
[Black "O'Neill, Tom"]
[Result "1/2-1/2"]
[WhiteElo "1655"]
[BlackElo "1519"]
[PlyCount "124"]
[EventDate "2019.04.05"]
[EventType "team-swiss"]
[EventRounds "5"]
[EventCountry "IRL"]
[SourceTitle "CBM 189 Extra"]
[Source "ChessBase"]
[SourceDate "2019.06.03"]
[SourceVersion "1"]
[SourceVersionDate "2019.06.03"]
[SourceQuality "1"]
[WhiteTeam "Ballinasloe"]
[BlackTeam "Dun Laoghaire"]
[WhiteTeamCountry "IRL"]
[BlackTeamCountry "IRL"]

1. b3 Nc6 2. Bb2 d5 3. e3 Nf6 4. Bb5 Bd7 5. Ne2 a6 6. Bxc6 Bxc6 7. 0-0 e6 8. Nd4 Bd7 9. Nc3 c5 10. Nf3 Be7 11. Ne5 Qc7 12. Nxd7 Qxd7 13. Qf3 0-0 14. Rfd1 Rfd8 15. Rac1 b5 16. Ne2 Rac8 17. c4 bxc4 18. bxc4 Qa4 19. cxd5 Qxa2 20. Bxf6 Bxf6 21. dxe6 Qxe6 22. Nf4 Qd6 23. Rc4 Rb8 24. Qe2 Rb4 25. Rc2 Rb2 26. Rxb2 Bxb2 27. Qc4 Bf6 28. Ne2 Qd3 29. Qxd3 Rxd3 30. Nf4 Rd8 31. Kf1 Bc3 32. d3 a5 33. Ne2 Bb4 34. Nc1 Kf8 35. Ke2 Ke7 36. Na2 Kd6 37. Nxb4 axb4 38. Kd2 Ra8 39. Rc1 Kd5 40. e4+ Kd6 41. f4 f6 42. e5+ fxe5 43. fxe5+ Kd5 44. Rc2 Re8 45. Rc4 Rxe5 46. Rf4 g6 47. g4 Re7 48. h4 Kc6 49. Kc2 Kb5 50. Rf8 Re2+ 51. Kb3 Re3 52. Rb8+ Kc6 53. Kc4 Rg3 54. Rc8+ Kd7 55. Rxc5 Rxg4+ 56. d4 Rxh4 57. Rb5 h5 58. Rxb4 Rg4 59. Kd5 Rg5+ 60. Ke4 Rg4+ 61. Kf3 g5 62. Rb5 Kc6 1/2-1/2